<?xml version="1.0" encoding="UTF-8"?>
<record
    xmlns:xsi="http://www.w3.org/2001/XMLSchema-instance"
    xsi:schemaLocation="http://www.loc.gov/MARC21/slim http://www.loc.gov/standards/marcxml/schema/MARC21slim.xsd"
    xmlns="http://www.loc.gov/MARC21/slim">

  <leader>00906nam a22002297a 4500</leader>
  <controlfield tag="003">SEM</controlfield>
  <datafield tag="999" ind1=" " ind2=" ">
    <subfield code="c">51632</subfield>
    <subfield code="d">51632</subfield>
  </datafield>
  <controlfield tag="005">20220608072024.0</controlfield>
  <controlfield tag="008">191015b           ||||| |||| 00| 0 arm d</controlfield>
  <datafield tag="020" ind1=" " ind2=" ">
    <subfield code="a">9789939640211</subfield>
  </datafield>
  <datafield tag="040" ind1=" " ind2=" ">
    <subfield code="a">SEM</subfield>
    <subfield code="c">SEM</subfield>
  </datafield>
  <datafield tag="041" ind1=" " ind2=" ">
    <subfield code="a">arm.</subfield>
  </datafield>
  <datafield tag="080" ind1=" " ind2=" ">
    <subfield code="a">34(47.925)/&#x553;-69</subfield>
  </datafield>
  <datafield tag="100" ind1=" " ind2=" ">
    <subfield code="a">&#x553;&#x56D;&#x580;&#x56B;&#x56F;&#x575;&#x561;&#x576; &#x531;&#x56C;&#x56B;&#x576;&#x561;</subfield>
  </datafield>
  <datafield tag="245" ind1=" " ind2=" ">
    <subfield code="a">&#x54C;&#x565;&#x581;&#x565;&#x57A;&#x581;&#x56B;&#x561;&#x575;&#x56B; &#x565;&#x576;&#x569;&#x561;&#x580;&#x56F;&#x57E;&#x561;&#x56E; &#x56B;&#x580;&#x561;&#x57E;&#x578;&#x582;&#x576;&#x584;&#x56B; &#x561;&#x572;&#x562;&#x575;&#x578;&#x582;&#x580;&#x576;&#x565;&#x580;&#x568; &#x574;&#x56B;&#x57B;&#x576;&#x561;&#x564;&#x561;&#x580;&#x575;&#x561;&#x576;  &#x540;&#x561;&#x575;&#x561;&#x57D;&#x57F;&#x561;&#x576;&#x578;&#x582;&#x574;: /</subfield>
    <subfield code="c">&#x531;. &#x553;&#x56D;&#x580;&#x56B;&#x56F;&#x575;&#x561;&#x576;; &#x54A;&#x561;&#x57F;. &#x56D;&#x574;&#x562;.&#x55D; &#x533;. &#x54D;&#x561;&#x586;&#x561;&#x580;&#x575;&#x561;&#x576;; &#x53D;&#x574;&#x562;.&#x55D; &#x531;. &#x53F;&#x561;&#x580;&#x561;&#x57A;&#x565;&#x57F;&#x575;&#x561;&#x576;</subfield>
  </datafield>
  <datafield tag="260" ind1=" " ind2=" ">
    <subfield code="a">&#x535;&#x580;&#x587;&#x561;&#x576;: </subfield>
    <subfield code="b">&#x53C;&#x56B;&#x574;&#x578;&#x582;&#x577;,</subfield>
    <subfield code="c">2010.</subfield>
  </datafield>
  <datafield tag="300" ind1=" " ind2=" ">
    <subfield code="a">176 &#x567;&#x57B;;</subfield>
    <subfield code="c">20 &#x57D;&#x574;</subfield>
  </datafield>
  <datafield tag="504" ind1=" " ind2=" ">
    <subfield code="a">&#x555;&#x563;&#x57F;. &#x563;&#x580;&#x561;&#x56F;. &#x581;&#x561;&#x576;&#x56F;&#x55D; &#x567;&#x57B; 166-175</subfield>
  </datafield>
  <datafield tag="650" ind1=" " ind2=" ">
    <subfield code="a">&#x53B;&#x580;&#x561;&#x57E;&#x561;&#x562;&#x561;&#x576;&#x578;&#x582;&#x569;&#x575;&#x578;&#x582;&#x576;</subfield>
    <subfield code="z">&#x540;&#x561;&#x575;&#x561;&#x57D;&#x57F;&#x561;&#x576;</subfield>
  </datafield>
  <datafield tag="700" ind1=" " ind2=" ">
    <subfield code="a">&#x54D;&#x561;&#x586;&#x561;&#x580;&#x575;&#x561;&#x576; &#x533;.</subfield>
    <subfield code="e">&#x57A;&#x561;&#x57F;. &#x56D;&#x574;&#x562;.</subfield>
    <subfield code="4">res. edt.</subfield>
  </datafield>
  <datafield tag="700" ind1=" " ind2=" ">
    <subfield code="a">&#x53F;&#x561;&#x580;&#x561;&#x57A;&#x565;&#x57F;&#x575;&#x561;&#x576; &#x531;.</subfield>
    <subfield code="e">&#x56D;&#x574;&#x562;.</subfield>
    <subfield code="4">edt.</subfield>
  </datafield>
  <datafield tag="942" ind1=" " ind2=" ">
    <subfield code="2">udc</subfield>
    <subfield code="c">BK</subfield>
  </datafield>
  <datafield tag="952" ind1=" " ind2=" ">
    <subfield code="0">0</subfield>
    <subfield code="1">0</subfield>
    <subfield code="2">udc</subfield>
    <subfield code="4">0</subfield>
    <subfield code="7">0</subfield>
    <subfield code="8">&#x533;&#x580;&#x561;&#x57A;&#x561;&#x570;&#x578;&#x581;</subfield>
    <subfield code="a">SEM</subfield>
    <subfield code="b">SEM</subfield>
    <subfield code="d">2019-10-15</subfield>
    <subfield code="g">1800.00</subfield>
    <subfield code="i">21991</subfield>
    <subfield code="l">0</subfield>
    <subfield code="o">34(47.925)/&#x553;-69</subfield>
    <subfield code="p">21991</subfield>
    <subfield code="r">2014-11-16</subfield>
    <subfield code="w">2014-11-16</subfield>
    <subfield code="y">BK</subfield>
    <subfield code="z">&#x54D;&#x57A;&#x561;&#x57D;&#x561;&#x580;&#x56F;&#x57E;&#x578;&#x582;&#x574; &#x567; &#x568;&#x576;&#x569;&#x565;&#x580;&#x581;&#x561;&#x57D;&#x580;&#x561;&#x570;</subfield>
  </datafield>
</record>
